[Event "Sibiria Region-ch"]
[Site "Prokopevsk"]
[Date "2012.03.20"]
[Round "9"]
[White "Pavlov, Oleg Yuryevich"]
[Black "Sadovskiy, Danila"]
[Result "1-0"]
[WhiteElo "2276"]
[BlackElo "1820"]
[PlyCount "49"]
[EventDate "2012.03.12"]
[EventType "swiss"]
[EventRounds "9"]
[EventCountry "RUS"]
[SourceTitle "EXT 2013"]
[Source "ChessBase"]
[SourceDate "2012.11.22"]
[SourceVersion "1"]
[SourceVersionDate "2012.11.22"]
[SourceQuality "1"]

1. Nf3 d5 2. d4 Nf6 3. c4 c6 4. Nc3 dxc4 5. a4 Bf5 6. e3 e6 7. Bxc4 Bb4 8. 0-0 Nbd7 9. Qb3 Qb6 10. e4 Bg6 11. a5 Bxa5 12. Bxe6 Qxb3 13. Bxb3 Bxc3 14. bxc3 Bxe4 15. Ng5 0-0 16. Ba3 c5 17. Rfe1 Bc6 18. Re7 h6 19. Nxf7 Kh7 20. Nd6 cxd4 21. cxd4 Rad8 22. Nf5 Nh5 23. Bc2 Kh8 24. d5 Bxd5 25. Rxd7 1-0

[Event "Sibiria Region-ch"]
[Site "Prokopevsk"]
[Date "2012.03.18"]
[Round "7"]
[White "Ilenko, Aleksei"]
[Black "Sadovskiy, Danila"]
[Result "0-1"]
[WhiteElo "2004"]
[BlackElo "1820"]
[PlyCount "86"]
[EventDate "2012.03.12"]
[EventType "swiss"]
[EventRounds "9"]
[EventCountry "RUS"]
[SourceTitle "EXT 2013"]
[Source "ChessBase"]
[SourceDate "2012.11.22"]
[SourceVersion "1"]
[SourceVersionDate "2012.11.22"]
[SourceQuality "1"]

1. d4 d5 2. Nf3 Nf6 3. c4 c6 4. Nc3 dxc4 5. a4 Bf5 6. Ne5 Nbd7 7. Nxc4 Nb6 8. e3 e6 9. Qb3 Nxc4 10. Bxc4 b6 11. 0-0 Be7 12. Rd1 0-0 13. Bd3 Bxd3 14. Rxd3 Rc8 15. Ne2 Qc7 16. Bd2 Ne4 17. Qc4 c5 18. Rc1 Qb7 19. Bc3 cxd4 20. Qxd4 Nxc3 21. Rdxc3 Bf6 22. Rxc8 Bxd4 23. Rxf8+ Kxf8 24. Nxd4 g6 25. g3 Qd7 26. a5 bxa5 27. Rc5 Qa4 28. Rb5 Qa1+ 29. Kg2 Qa2 30. h4 Kg7 31. Nf3 h6 32. Rb7 a6 33. Rb6 Qc4 34. b3 Qe4 35. Rd6 e5 36. Rxa6 g5 37. Rxa5 g4 38. Ra4 gxf3+ 39. Kh3 Qc2 40. Ra5 Qxf2 41. Rxe5 Qg2+ 42. Kg4 f2 43. Rf5 f1Q 0-1

[Event "Sibiria Region-ch"]
[Site "Prokopevsk"]
[Date "2012.03.17"]
[Round "6"]
[White "Sadovskiy, Danila"]
[Black "Sviridov, Maxim"]
[Result "1/2-1/2"]
[WhiteElo "1820"]
[BlackElo "2167"]
[PlyCount "109"]
[EventDate "2012.03.12"]
[EventType "swiss"]
[EventRounds "9"]
[EventCountry "RUS"]
[SourceTitle "EXT 2013"]
[Source "ChessBase"]
[SourceDate "2012.11.22"]
[SourceVersion "1"]
[SourceVersionDate "2012.11.22"]
[SourceQuality "1"]

1. d4 b5 2. Bf4 Bb7 3. Nd2 Nf6 4. e3 a6 5. Ngf3 e6 6. c4 bxc4 7. Bxc4 d5 8. Be2 Bd6 9. Bxd6 Qxd6 10. Rc1 Nbd7 11. Qc2 Rc8 12. Nb3 Qb4+ 13. Qd2 Qb6 14. Qa5 0-0 15. 0-0 Nb8 16. Ne5 Ne4 17. Rc2 f6 18. Nd3 Nc6 19. Qa3 a5 20. Nbc5 Nb4 21. Nxb4 axb4 22. Qb3 Nxc5 23. Rxc5 Ba6 24. Bxa6 Qxa6 25. Rfc1 c6 26. h3 Rf7 27. Qxb4 Rb7 28. Ra5 Rxb4 29. Rxa6 Rxb2 30. a4 e5 31. dxe5 fxe5 32. Raxc6 Rxc6 33. Rxc6 d4 34. exd4 exd4 35. Rd6 Rb1+ 36. Kh2 Rb4 37. a5 Ra4 38. a6 d3 39. Rxd3 Rxa6 40. g4 Kf7 41. Rb3 g5 42. Kg3 Kg6 43. h4 h6 44. f4 gxf4+ 45. Kxf4 Ra4+ 46. Kf3 Ra7 47. Rb6+ Kg7 48. Re6 Ra1 49. Re4 Rf1+ 50. Ke3 Rh1 51. h5 Re1+ 52. Kf4 Rf1+ 53. Ke5 Ra1 54. Kf5 Ra7 55. g5 1/2-1/2

[Event "Sibiria Region-ch"]
[Site "Prokopevsk"]
[Date "2012.03.15"]
[Round "4"]
[White "Kolosovskiy, Danil"]
[Black "Sadovskiy, Danila"]
[Result "0-1"]
[WhiteElo "1998"]
[BlackElo "1820"]
[PlyCount "130"]
[EventDate "2012.03.12"]
[EventType "swiss"]
[EventRounds "9"]
[EventCountry "RUS"]
[SourceTitle "EXT 2013"]
[Source "ChessBase"]
[SourceDate "2012.11.22"]
[SourceVersion "1"]
[SourceVersionDate "2012.11.22"]
[SourceQuality "1"]

1. c4 e6 2. Nc3 d5 3. cxd5 exd5 4. d4 Nf6 5. Bg5 Be7 6. e3 c6 7. Bd3 Nbd7 8. Nge2 Nf8 9. Qc2 Ng6 10. 0-0 0-0 11. Rab1 Re8 12. Ng3 b6 13. b4 Be6 14. Rfc1 Rc8 15. Na4 Bd7 16. Nc3 Be6 17. Qa4 Rc7 18. Bxg6 hxg6 19. Bf4 Bd6 20. Bxd6 Qxd6 21. Nce2 Rec8 22. h3 Bd7 23. Qa6 Qe7 24. Qd3 Ne8 25. a3 Nd6 26. Nf4 g5 27. Nfe2 g6 28. Rc3 b5 29. f3 Re8 30. Re1 f5 31. Nf1 Bc8 32. Nd2 Qh7 33. e4 fxe4 34. fxe4 dxe4 35. Qg3 Qe7 36. h4 Nf5 37. Qxg5 Qxg5 38. hxg5 Bb7 39. g4 Nd6 40. Ng3 Rce7 41. Rce3 Kh8 42. Kf2 Rf8+ 43. Kg1 Rf4 44. Nf3 Rxg4 45. Ne5 Rxg5 46. Kf2 Kg7 47. Rc1 Re6 48. Nxe4 Nxe4+ 49. Rxe4 c5 50. Rf4 Rg2+ 51. Kf1 Rf6 52. Rxf6 Kxf6 53. Rxc5 Rd2 54. Rxb5 Ba6 55. a4 Bxb5+ 56. axb5 Rxd4 57. Nc6 Rc4 58. Ke2 g5 59. Kf3 g4+ 60. Kg3 Kg5 61. Kg2 Kf4 62. Kf2 g3+ 63. Kg2 a6 64. bxa6 Rxc6 65. a7 Ra6 0-1

[Event "Sibiria Region-ch"]
[Site "Barnaul"]
[Date "2011.05.26"]
[Round "7"]
[White "Khatnikov, Alexander"]
[Black "Sadovskiy, Danila"]
[Result "1-0"]
[WhiteElo "2009"]
[BlackElo "1811"]
[PlyCount "93"]
[EventDate "2011.05.20"]
[EventType "swiss"]
[EventRounds "9"]
[EventCountry "RUS"]
[SourceTitle "EXT 2012"]
[Source "ChessBase"]
[SourceDate "2011.11.24"]
[SourceVersion "1"]
[SourceVersionDate "2011.11.24"]
[SourceQuality "1"]

1. c4 c5 2. Nc3 Nc6 3. Nf3 g6 4. e3 Bg7 5. d4 cxd4 6. exd4 d6 7. d5 Ne5 8. Nxe5 Bxe5 9. Be2 Bg7 10. 0-0 Nf6 11. Be3 0-0 12. Qd2 Bf5 13. Bd4 h5 14. Rac1 a6 15. Rfd1 Rc8 16. Qf4 Bd7 17. Bd3 Kh7 18. Qh4 Kg8 19. Re1 Re8 20. Qf4 Qa5 21. Rb1 Qd8 22. Re3 Ng4 23. Bxg7 Kxg7 24. Qd4+ Kg8 25. Rg3 Ne5 26. Be2 Bg4 27. f3 Bf5 28. Re1 Qc7 29. b3 b5 30. f4 Ng4 31. h3 Nf6 32. cxb5 axb5 33. Bxb5 Red8 34. Rge3 Kg7 35. Bc6 e6 36. b4 Rb8 37. b5 Qa5 38. a4 Rb6 39. Nd1 exd5 40. Bxd5 Rd7 41. Nc3 Rc7 42. Bb3 d5 43. Nxd5 Rd6 44. Re7 Rxe7 45. Rxe7 Qd8 46. Nxf6 Qxe7 47. Nxh5+ 1-0